Preparation a l'examen du DELF A1 / (Record no. 340927)
[ view plain ]
| 000 -LEADER | |
|---|---|
| fixed length control field | 00787nam a22002177a 4500 |
| 005 - DATE AND TIME OF LATEST TRANSACTION | |
| control field | 20170808120539.0 |
| 008 - FIXED-LENGTH DATA ELEMENTS--GENERAL INFORMATION | |
| fixed length control field | 170808b xxu||||| |||| 00| 0 eng d |
| 020 ## - INTERNATIONAL STANDARD BOOK NUMBER | |
| International Standard Book Number | 9782011554512 |
| 041 ## - LANGUAGE CODE | |
| Language code of text/sound track or separate title | French |
| Language code of accompanying material other than librettos | French |
| Language code of original and/or intermediate translations of text | French |
| 050 ## - LIBRARY OF CONGRESS CALL NUMBER | |
| Classification number | PC 2112.5 |
| Item number | .V453 |
| 100 ## - MAIN ENTRY--PERSONAL NAME | |
| Personal name | Veltcheff, Caroline |
| 245 ## - TITLE STATEMENT | |
| Title | Preparation a l'examen du DELF A1 / |
| Statement of responsibility, etc | Caroline Veltcheff, Stanley Hilton |
| 260 ## - PUBLICATION, DISTRIBUTION, ETC. (IMPRINT) | |
| Place of publication, distribution, etc | Paris : |
| Name of publisher, distributor, etc | Hachette Francais langue etrangere, |
| Date of publication, distribution, etc | c2006. |
| 300 ## - PHYSICAL DESCRIPTION | |
| Extent | 120 pages : |
| Other physical details | color illustrations ; |
| Dimensions | 28 cm. |
| Accompanying material | + 1 CD |
| 500 ## - GENERAL NOTE | |
| General note | with CD. |
| 650 ## - SUBJECT ADDED ENTRY--TOPICAL TERM | |
| Source of heading or term | Library of Congress Classification |
| Topical term or geographic name as entry element | French language |
| General subdivision | Problems, exercises, etc. |
| 650 ## - SUBJECT ADDED ENTRY--TOPICAL TERM | |
| Source of heading or term | Library of Congress Classification |
| Topical term or geographic name as entry element | French language |
| General subdivision | Study and teaching |
| 700 ## - ADDED ENTRY--PERSONAL NAME | |
| Personal name | Hilton, Stanley |
| 942 ## - ADDED ENTRY ELEMENTS (KOHA) | |
| Source of classification or shelving scheme | Library of Congress Classification |
| Item type | Books |
| Withdrawn status | Lost status | Source of classification or shelving scheme | Damaged status | Home library | Current library | Shelving location | Date acquired | Total Checkouts | Total Renewals | Full call number | Barcode | Date last seen | Date last borrowed | Price effective from | Koha item type |
|---|---|---|---|---|---|---|---|---|---|---|---|---|---|---|---|
| Library of Congress Classification | Luxembourg Library | Luxembourg Library | Teachers Reference Section | 08/08/2017 | 2 | 2 | PC 2112.5 .V453 | 20457 | 12/09/2019 | 11/13/2019 | 08/08/2017 | Books |